Postkeynesovské modely nezamestnanosti

Postkeynesovská analýza modelov s fixnými cenami. Vymedzenie typov nezamestnanosti. Grafické znázornenie typov nezamestnanosti. Keynesovská nezamestnanosť. Klasická nezamestnanosť. Skrytá inflácia. Povaha nezamestnanosti a program hospodárskej politiky.

Salvato in:
Dettagli Bibliografici
Autore principale: Přívarová, Magdaléna, 1955-
Natura: Capitolo di libro
Lingua:slovacco
Soggetti:
Tags: Aggiungi Tag
Nessun Tag, puoi essere il primo ad aggiungerne!!

MARC

LEADER 00000naa a2200000 4500
001 r018869
005 20221205101529.5
041 0 |a slo 
044 |a SK 
245 1 0 |a Postkeynesovské modely nezamestnanosti  |c Magdaléna Přívarová 
520 |a Postkeynesovská analýza modelov s fixnými cenami. Vymedzenie typov nezamestnanosti. Grafické znázornenie typov nezamestnanosti. Keynesovská nezamestnanosť. Klasická nezamestnanosť. Skrytá inflácia. Povaha nezamestnanosti a program hospodárskej politiky. 
610 2 0 |a trh práce 
610 2 0 |a teória zamestnanosti 
610 2 0 |a nezamestnanosť 
610 2 0 |a nerovnováha hospodárska 
610 2 0 |a mzdy 
610 2 0 |a ceny 
610 2 0 |a inflácia skrytá 
610 2 0 |a ponuka 
610 2 0 |a dopyt 
610 2 0 |a politika hospodárska 
610 2 0 |a teória nerovnováhy ekonomickej 
100 1 |a Přívarová, Magdaléna, 1955-